00740nam a2200253 a 4500001001300000003000900013005001700022008004100039020002100080082002100101100001900122245002400141260003700165300000800202500003500210505002400245650003500269650001300304700001900317902000800336942000700344952011800351999001700469nice12345678IN_TiNIC20260116013717.0050524s1993 newa grp 000 0 eng  a8185990 c800a324.245408bGOE2 aGoel, Sita Ram aHindus and Hinduism aNew DelhibVoice of India c1993 a24p aincludes index and biblioraphy2 aBibliography, Index aReligious Fundamentalism-Hindu aHindutva1 aGoel, Sita Ram bSRS cBK 001040708StackRoom-aHMIbHMId2007-04-11g8.00l0o324.245408 GOE2p017844r2007-04-11v8.00w2005-05-24yBK c12090d12090